000 00909nas a2200277 4500
001 BR2013006965
003 BR-BrBNA
005 20231205122849.0
007 ta
008 230509b bl.|||p| |||| 00| 00por d
040 _aBR-BrBNA
_bpor
_cBiblioteca Nacional de Agricultura
041 _a(Pt)
072 _aP32
100 1 _aCosta, L.M. da
100 1 _aSantos, R.F. dos
100 1 _aShcaefer, C.E.G.R.
100 1 _aMoreau, A.M.S. dos
100 1 _aMoreau, M.S.
245 1 _aOcorrência de corpos silicosos em horizontes superficiais de solos de diferentes ecossistemas
650 _aCLASSIFICAÇÃO DO SOLO
650 _aSÍLICA
773 0 _tRevista Brasileira de Ciência do Solo (Brazil)
_xISSN 0100-0683
_g(May-Jun 2010), v. 34(3) p. 871-879
_wBR2013006965
856 4 0 _uhttp://www.scielo.br/pdf/rbcs/v34n3/28.pdf
909 _a202311
_bLúcia
_c55
_dLúcia Elande
942 _2AGRIS
_n0
_cANA
999 _c230977
_d230977